000 00328nam a2200145Ia 4500
005 20251222142025.0
008 251222s9999||||xx |||||||||||||| ||spa||
020 _a84095060140
082 _a843.8/V53
100 _aVerne, Julio
245 0 _aEl Faro del Fin del Mundo
250 _a1ra.ed.
264 _bRueda
942 _cLIB
999 _c10782
_d10782